Arkana bakma! o tarafa gitmiyorsun/ (Record no. 13775)

MARC details
000 -BAŞLIK
Sabit Uzunlukta Kontrol Alanı 00578nam a22002057a 4500
999 ## - SİSTEM KONTROL NUMARALARI (KOHA)
Koha Biblionumber 13775
Koha Biblioitemnumber 13775
003 - KONTROL NUMARASI IDENTIFIER
Denetim Alanı MIRAKIL
005 - SON İŞLEM TARİHİ VE ZAMANI
Denetim Alanı 20200218145634.0
008 - SABİT-BOY VERİ ELEMANLARI - GENEL BİLGİLER
Sabit Uzunlukta Kontrol Alanı 200218b tu ||||| |||| 00| 0 tur d
020 ## - ULUSLARARASI STANDART KİTAP NUMARASI
Uluslararası Standart Kitap Numarası 9786050203059
040 ## - KATALOGLAMA KAYNAK
Orijinal Kataloglama Ajansı TR-AnCHP
Metne Dönüştürmek Ajansı TR-AnCHP
041 ## - DİL KODU
Metin / Ses Parça Veya Ayrı Başlığın Dil Kodu tur
082 ## - DEWEY ONLU SINIFLANDIRMA NUMARASI
Sınıflandırma Numarası 650.1
Ürün Numarası K84a 2013
100 ## - ANA GİRİŞ - KİŞİSEL İSİM
Kişisel Ad Kul, Alper
245 10 - BAŞLIK TABLOSU
Başlık Arkana bakma! o tarafa gitmiyorsun/
Sorumluluk Tablosu, Vb Alper Kul.
260 ## - YAYIN, DAĞITIM, VB
Yayın, Dağıtım, Vb Yeri İstanbul :
Yayıncı, Dağıtıcı, Vs Adı Omega Yayınları,
Yayın, Dağıtım, Vb Tarihi 2013.
300 ## - FİZİKSEL TANIM
Kapsam 286 s.:
Diğer Fiziksel Ayrıntıları fotg.;
Boyutlar 21 sm.
650 #0 - KONU KATMA GİRİŞ - TOPİKAL DÖNEM
9 (RLIN) 5435
Topikal Süreli Veya Coğrafi Ad Giriş Elemanı Başarı, iş yaşamında
650 #0 - KONU KATMA GİRİŞ - TOPİKAL DÖNEM
9 (RLIN) 6286
Topikal Süreli Veya Coğrafi Ad Giriş Elemanı Kariyer planlaması
942 ## - EKLENDİ GİRİŞ ELEMANLARI (KOHA)
Sınıflandırma Veya Raf Düzeni Kaynak Dewey Decimal Classification
Koha Öğesi Türü Books
Holdings
Kalıcı Konum Mevcut Konum Edinme Tarihi Toplam Check-Out'Lar Tam Çağrı Numarası Barkod Tarih Son Görülme İtibaren Geçerli Fiyatlar Koha Öğesi Türü
CHP Kütüphanesi CHP Kütüphanesi 02/18/2020   650.1 K84a 2013 002821 02/18/2020 02/18/2020 Books